=LDR 00000nam 2200000 4500 =001 INLIS000000000007684 =005 20200210095414 =035 ##$$a 0010-061300000007684 =008 200210################g##########0#ind## =041 ##$$a Ind =082 ##$$a 149.3 =090 ##$$a 149.3, Gra d =100 ##$$a Gray-Cobb, Geof =245 1#$$a Dibalik daya piramid : $b Rahasia energi mistik untuk kebahagiaan hidup anda /$c Geof Gray-Cobb =260 ##$$a Semarang :$b Dahara Prize,$c 1994 =300 ##$$a 183 hlm. ; $c 14,5x20,5 =650 #4$$a Mistik =020 ##$$a 979-501-034-4 =084 ##$$a 149.3 GRA d =990 ##$$a 110.866/Pro.97 =990 ##$$a 21400507/BPAP-NTB/2014 =990 ##$$a 110.865 pro.97 =990 ##$$a 110.866/Pro.97 =990 ##$$a 110.866/Pro.97 =990 ##$$a 110.865 pro.97